[Event "FIDE WRBTC Blitz-Pool 2024"]
[Site "Astana"]
[Date "2024.08.05"]
[Round "1.9"]
[White "Siddharth, Jagadeesh"]
[Black "Jacobson, Brandon"]
[Result "0-1"]
[WhiteElo "2516"]
[BlackElo "2575"]
[Annotator "ChessBase"]
[PlyCount "118"]
[EventDate "2024.08.01"]
[EventType "team-tourn"]
[EventCountry "KAZ"]
[SourceTitle "playchess.com"]
[Source "ChessBase"]
[SourceQuality "1"]

1. e4 c6 2. d4 d5 3. Nc3 g6 4. h3 Bg7 5. Nf3 dxe4 6. Nxe4 Nf6 7. Nxf6+ exf6 8. Be2 O-O 9. O-O Re8 10. c3 Be6 11. Bf4 Nd7 12. Qd2 Nb6 13. b3 Nd5 14. Bg3 Qa5 15. c4 Qxd2 16. Nxd2 Nc3 17. Bd3 Rad8 18. Nf3 f5 19. Bh4 Rd7 20. Rfc1 Ne4 21. Rd1 h6 22. Bxe4 fxe4 23. Ne5 Rd6 24. Bg3 Red8 25. Rf1 Rxd4 26. Rae1 h5 27. f3 h4 28. Bh2 exf3 29. Nxf3 Rd3 30. Nxh4 Bd4+ 31. Kh1 Kg7 32. Nf3 Bc3 33. Rc1 Bf6 34. Be5 Bxe5 35. Nxe5 Rd2 36. Rce1 Rxa2 37. Nxf7 Bxf7 38. Re7 Rf8 39. Rxb7 a5 40. Rc7 Rb2 41. Rf3 Kg8 42. Rxc6 Be8 43. Rxf8+ Kxf8 44. Rf6+ Ke7 45. Rf3 Bc6 46. Rg3 Kf6 47. Kg1 Be4 48. Kf1 Bc2 49. c5 Rxb3 50. Rg4 Rc3 51. Ke2 Rxc5 52. Kd2 a4 53. Rb4 Bb3 54. g4 Rc2+ 55. Kd3 Rh2 56. Ke4 Rxh3 57. Kf4 g5+ 58. Ke4 Rg3 59. Rb6+ Be6 0-1

[Event "FIDE WRBTC Blitz-Pool 2024"]
[Site "Astana"]
[Date "2024.08.05"]
[Round "1.9"]
[White "Faizrakhmanov, Ramil"]
[Black "Savitskiy, Vladimir"]
[Result "1-0"]
[WhiteElo "2424"]
[BlackElo "1893"]
[Annotator "ChessBase"]
[PlyCount "83"]
[EventDate "2024.08.01"]
[EventType "team-tourn"]
[EventCountry "KAZ"]
[SourceTitle "playchess.com"]
[Source "ChessBase"]
[SourceQuality "1"]

1. d4 Nf6 2. c4 c5 3. d5 b5 4. cxb5 a6 5. bxa6 g6 6. Nc3 Bg7 7. a7 Rxa7 8. e4 O-O 9. Nf3 d6 10. a4 Ba6 11. Bxa6 Nxa6 12. O-O Nd7 13. Bd2 Nb4 14. b3 Ra8 15. Rb1 Ne5 16. Nxe5 Bxe5 17. h3 Qd7 18. Qe2 Rfc8 19. Kh1 Bg7 20. f4 Nc2 21. Qd3 Nd4 22. Be3 Rab8 23. Bxd4 Bxd4 24. Nb5 Bg7 25. Rfe1 Rf8 26. e5 Rbd8 27. Rbd1 Qc8 28. Na7 Qb7 29. Nc6 Rde8 30. Qb5 Qc8 31. exd6 exd6 32. Ne7+ Rxe7 33. Rxe7 Qf5 34. a5 Qxf4 35. a6 Bf6 36. Re2 Be5 37. Rxe5 Qxe5 38. a7 Qe8 39. Qc6 Qe5 40. a8=Q Rxa8 41. Qxa8+ Kg7 42. Qa1 1-0

[Event "FIDE WRBTC Blitz-Pool 2024"]
[Site "Astana"]
[Date "2024.08.05"]
[Round "1.9"]
[White "Akhmedya, Madyar"]
[Black "Sapenov, Daniyal"]
[Result "0-1"]
[WhiteElo "1786"]
[BlackElo "2311"]
[Annotator "ChessBase"]
[PlyCount "58"]
[EventDate "2024.08.01"]
[EventType "team-tourn"]
[EventCountry "KAZ"]
[SourceTitle "playchess.com"]
[Source "ChessBase"]
[SourceQuality "1"]

1. e4 c5 2. Nf3 d6 3. d4 cxd4 4. Nxd4 Nf6 5. Nc3 a6 6. Bd3 g6 7. O-O Bg7 8. Nb3 O-O 9. a4 b6 10. Be3 Bb7 11. Qd2 Nbd7 12. Bh6 Qc7 13. Bxg7 Kxg7 14. f4 Nc5 15. Rae1 Rad8 16. f5 b5 17. axb5 axb5 18. fxg6 hxg6 19. Kh1 b4 20. Nd5 Bxd5 21. exd5 Nxd3 22. Qxd3 Qb7 23. Rd1 Rh8 24. h3 Rh5 25. Qd4 Rxd5 26. Qf4 Rc8 27. Rxd5 Qxd5 28. Qxb4 Rxc2 29. Qg4 Nxg4 0-1

[Event "FIDE WRBTC Blitz-Pool 2024"]
[Site "Astana"]
[Date "2024.08.05"]
[Round "1.10"]
[White "Dardha, Daniel"]
[Black "Wong, Zhenyong Jayden"]
[Result "1-0"]
[WhiteElo "2608"]
[BlackElo "2397"]
[Annotator "ChessBase"]
[PlyCount "47"]
[EventDate "2024.08.01"]
[EventType "team-tourn"]
[EventCountry "KAZ"]
[SourceTitle "playchess.com"]
[Source "ChessBase"]
[SourceQuality "1"]

1. Nf3 c5 2. c4 Nc6 3. Nc3 g6 4. e3 Nf6 5. d4 cxd4 6. exd4 d5 7. h3 Bg7 8. c5 O-O 9. Bb5 Qc7 10. O-O b6 11. Bxc6 Qxc6 12. Ne5 Qb7 13. c6 Qa6 14. Bg5 Be6 15. a4 h6 16. Bf4 Rac8 17. b4 Rcd8 18. Nb5 Ne4 19. c7 Rc8 20. Nc6 Rfe8 21. Ncxa7 Ra8 22. Nc6 Qb7 23. Nd8 Bd7 24. Nxb7 1-0

[Event "FIDE WRBTC Blitz-Pool 2024"]
[Site "Astana"]
[Date "2024.08.05"]
[Round "1.10"]
[White "Mamedov, Edgar"]
[Black "Akhmediyar, Yernur"]
[Result "1-0"]
[WhiteElo "2443"]
[BlackElo "1853"]
[Annotator "ChessBase"]
[PlyCount "73"]
[EventDate "2024.08.01"]
[EventType "team-tourn"]
[EventCountry "KAZ"]
[SourceTitle "playchess.com"]
[Source "ChessBase"]
[SourceQuality "1"]

1. d4 Nf6 2. c4 e6 3. Nf3 d5 4. Nc3 Be7 5. Bf4 O-O 6. e3 a6 7. c5 Bd7 8. Bd3 Nc6 9. a3 h6 10. h3 Re8 11. O-O b6 12. b4 Bf8 13. Ne5 bxc5 14. dxc5 Nxe5 15. Bxe5 Bc6 16. Qe2 Nd7 17. Bg3 Qc8 18. Rfc1 Qb7 19. Rab1 d4 20. exd4 Bxg2 21. Ne4 Bxe4 22. Qxe4 Qxe4 23. Bxe4 Ra7 24. a4 Nf6 25. Bc6 Rd8 26. b5 axb5 27. axb5 Rxd4 28. b6 cxb6 29. cxb6 Ra6 30. b7 Rxc6 31. b8=Q Rxc1+ 32. Rxc1 Rd5 33. Rc8 Nd7 34. Qa8 Rd1+ 35. Kg2 Rd5 36. Rd8 Nb6 37. Rxf8+ 1-0

[Event "FIDE WRBTC Blitz-Pool 2024"]
[Site "Astana"]
[Date "2024.08.05"]
[Round "1.10"]
[White "Magzumov, Damirali"]
[Black "Orlov, Oleg"]
[Result "0-1"]
[WhiteElo "1756"]
[BlackElo "2254"]
[Annotator "ChessBase"]
[PlyCount "92"]
[EventDate "2024.08.01"]
[EventType "team-tourn"]
[EventCountry "KAZ"]
[SourceTitle "playchess.com"]
[Source "ChessBase"]
[SourceQuality "1"]

1. e4 e5 2. Nf3 Nc6 3. Bb5 a6 4. Ba4 Nf6 5. O-O Be7 6. d3 b5 7. Bb3 d6 8. c3 O-O 9. h3 Na5 10. Bc2 c5 11. Re1 Nc6 12. d4 Qc7 13. d5 Nb8 14. Nbd2 Re8 15. Nf1 Bf8 16. Bg5 Nbd7 17. g4 g6 18. Ng3 Bg7 19. Qc1 c4 20. Nh4 Nc5 21. Qe3 a5 22. Bh6 Bh8 23. Ngf5 Qd8 24. Kh1 Ra6 25. f4 b4 26. fxe5 Rxe5 27. Nf3 Nfd7 28. Nxe5 Nxe5 29. Bg5 f6 30. Bh6 b3 31. axb3 cxb3 32. Bd1 a4 33. Be2 Ra8 34. Nd4 Qe8 35. Bf4 Bb7 36. h4 Bg7 37. h5 Qd7 38. hxg6 hxg6 39. Bxe5 fxe5 40. Ne6 Nxe6 41. dxe6 Qxe6 42. Qg5 Bxe4+ 43. Kh2 Bf6 44. Qh6 Ra7 45. Kg3 Rh7 46. Qe3 Bh4+ 0-1

[Event "FIDE WRBTC Blitz-Pool 2024"]
[Site "Astana"]
[Date "2024.08.05"]
[Round "1.11"]
[White "Gong, Qianyun"]
[Black "Salimova, Nurgyul"]
[Result "1-0"]
[WhiteElo "2250"]
[BlackElo "2412"]
[Annotator "ChessBase"]
[PlyCount "45"]
[EventDate "2024.08.01"]
[EventType "team-tourn"]
[EventCountry "KAZ"]
[SourceTitle "playchess.com"]
[Source "ChessBase"]
[SourceQuality "1"]

1. e4 c6 2. d4 d5 3. e5 c5 4. dxc5 e6 5. a3 Bxc5 6. b4 Bb6 7. Qg4 Kf8 8. Bb2 Ne7 9. Bd3 a5 10. b5 a4 11. Nd2 Nd7 12. Ngf3 Nc5 13. Be2 h5 14. Qh3 Ng6 15. Qg3 Ne4 16. Nxe4 dxe4 17. Nd2 h4 18. Qg4 Bd4 19. O-O-O Bxb2+ 20. Kxb2 Nxe5 21. Qxe4 Qf6 22. Kb1 g6 23. Qf3 1-0

[Event "FIDE WRBTC Blitz-Pool 2024"]
[Site "Astana"]
[Date "2024.08.05"]
[Round "1.11"]
[White "Serikbay, Assel"]
[Black "Amangeldinov, Alkey"]
[Result "1-0"]
[WhiteElo "2237"]
[BlackElo "1721"]
[Annotator "ChessBase"]
[PlyCount "68"]
[EventDate "2024.08.01"]
[EventType "team-tourn"]
[EventCountry "KAZ"]
[SourceTitle "playchess.com"]
[Source "ChessBase"]
[SourceQuality "1"]

1. d4 d5 2. Nf3 Nf6 3. c4 c6 4. Nc3 dxc4 5. a4 Bf5 6. e3 e6 7. Bxc4 Bb4 8. O-O Nbd7 9. Qe2 Bg6 10. Bd3 Bxd3 11. Qxd3 O-O 12. Rd1 Qe7 13. e4 Rad8 14. e5 Nd5 15. Ne4 c5 16. Bg5 f6 17. exf6 N7xf6 18. Nxf6+ Nxf6 19. Qc4 cxd4 20. Nxd4 Rd5 21. Be3 Rfd8 22. Rdc1 Bc5 23. Nc2 Bxe3 24. Nxe3 a6 25. Nxd5 exd5 26. Qd4 Rd7 27. Re1 Qd6 28. Rac1 Rc7 29. Rxc7 Qxc7 30. g3 b5 31. axb5 axb5 32. Qe5 Qb7 33. Qe6+ Kf8 34. Rc1 g6 1-0

[Event "FIDE WRBTC Blitz-Pool 2024"]
[Site "Astana"]
[Date "2024.08.05"]
[Round "1.11"]
[White "Muratova, Anel"]
[Black "Balabayeva, Xeniya"]
[Result "0-1"]
[WhiteElo "1892"]
[BlackElo "2335"]
[Annotator "ChessBase"]
[PlyCount "108"]
[EventDate "2024.08.01"]
[EventType "team-tourn"]
[EventCountry "KAZ"]
[SourceTitle "playchess.com"]
[Source "ChessBase"]
[SourceQuality "1"]

1. e4 c6 2. d4 d5 3. e5 Bf5 4. g4 Bd7 5. Bd3 e6 6. h4 c5 7. c3 Nc6 8. Nf3 cxd4 9. cxd4 Qb6 10. Bc2 Nb4 11. Ba4 Bxa4 12. Qxa4+ Qc6 13. Qxc6+ Nxc6 14. Nc3 Bb4 15. Bd2 Bxc3 16. bxc3 h5 17. gxh5 Rxh5 18. Rg1 g6 19. Bg5 Rc8 20. Kd2 Na5 21. Rab1 b6 22. Kd3 Kd7 23. Nh2 Nh6 24. Nf1 Nf5 25. Ng3 Rhh8 26. Nxf5 exf5 27. Bf6 Rh5 28. Rb2 Ke6 29. a4 f4 30. Ra2 Kf5 31. Rb2 Nc4 32. Rb5 Ke6 33. Rbb1 f3 34. Rg3 Rf5 35. Rh3 Rf4 36. h5 gxh5 37. Rxh5 Re4 38. Rh3 Re2 39. Bg5 Nb2+ 40. Rxb2 Rxb2 41. Bd2 f6 42. Rxf3 fxe5 43. Re3 e4+ 44. Ke2 Ra2 45. Rh3 Rxa4 46. Rh6+ Kd7 47. Rh7+ Kc6 48. Ke3 Kb5 49. Rd7 Kc4 50. Re7 Ra2 51. Rd7 Rf8 52. Rc7+ Kb3 53. Rd7 Rf3+ 54. Ke2 Rd3 0-1

[Event "FIDE WRBTC Blitz-Pool 2024"]
[Site "Astana"]
[Date "2024.08.05"]
[Round "1.12"]
[White "Fedorov, Grigory"]
[Black "Muratova, Saltanat"]
[Result "0-1"]
[WhiteElo "1904"]
[BlackElo "1845"]
[Annotator "ChessBase"]
[PlyCount "46"]
[EventDate "2024.08.01"]
[EventType "team-tourn"]
[EventCountry "KAZ"]
[SourceTitle "playchess.com"]
[Source "ChessBase"]
[SourceQuality "1"]

1. e4 c5 2. Nc3 Nc6 3. Bb5 g6 4. Bxc6 bxc6 5. d3 Bg7 6. f4 d6 7. Nf3 Nf6 8. O-O O-O 9. Qe1 Rb8 10. Qh4 Ba6 11. f5 c4 12. d4 Bb7 13. e5 dxe5 14. dxe5 Nd5 15. Bh6 f6 16. Nd4 Bc8 17. Kh1 Rb7 18. Nxc6 Qd7 19. Rad1 Qxc6 20. Nxd5 Bxf5 21. Rxf5 Bxh6 22. Rxf6 exf6 23. Qxh6 fxe5 0-1

[Event "FIDE WRBTC Blitz-Pool 2024"]
[Site "Astana"]
[Date "2024.08.05"]
[Round "1.12"]
[White "Mero, Aghiad."]
[Black "Zhang, Changjie"]
[Result "1-0"]
[WhiteElo "1817"]
[BlackElo "1809"]
[Annotator "NA"]
[PlyCount "67"]
[EventDate "2024.08.01"]
[EventType "team-tourn"]
[EventCountry "KAZ"]
[SourceTitle "playchess.com"]
[Source "ChessBase"]
[SourceQuality "1"]

1. b3 e6 2. Bb2 d5 3. e3 c5 4. f4 Nc6 5. Nf3 Nf6 6. Bb5 Bd7 7. O-O Qb6 8. a4 Be7 9. d3 a6 10. Bxc6 bxc6 11. a5 Qc7 12. Ne5 O-O 13. Nd2 Ne8 14. Qh5 Bf6 15. Rf3 g6 16. Rg3 Bg7 17. Qh4 Nf6 18. Ndf3 Qd8 19. Rf1 Nh5 20. Qxh5 gxh5 21. Nxd7 f6 22. Nxf8 Qxf8 23. e4 d4 24. Nd2 Kh8 25. Nc4 Qe7 26. Bc1 f5 27. Re1 Qd7 28. Nb6 Qb7 29. Nxa8 Qxa8 30. exf5 Bf6 31. Rxe6 Qf8 32. Ba3 h4 33. Rf3 Qf7 34. Bxc5 1-0

[Event "FIDE WRBTC Blitz-Pool 2024"]
[Site "Astana"]
[Date "2024.08.05"]
[Round "1.12"]
[White "Kazhiakhmetova, Yerkenaz"]
[Black "Balakirev, Nikoly"]
[Result "1/2-1/2"]
[WhiteElo "1602"]
[BlackElo "1885"]
[Annotator "NA"]
[PlyCount "59"]
[EventDate "2024.08.01"]
[EventType "team-tourn"]
[EventCountry "KAZ"]
[SourceTitle "playchess.com"]
[Source "ChessBase"]
[SourceQuality "1"]

1. d4 d5 2. Nf3 Nf6 3. g3 Bf5 4. Bg2 h6 5. O-O e6 6. c4 c6 7. Nc3 Bd6 8. Qb3 Qc7 9. Nd2 O-O 10. e4 dxe4 11. Ndxe4 Nxe4 12. Nxe4 Be7 13. Bf4 Qb6 14. Qxb6 axb6 15. Nd6 Bxd6 16. Bxd6 Rd8 17. Bxb8 Raxb8 18. Rfd1 Rd7 19. Rd2 Rbd8 20. Rad1 Bg4 21. f3 Bf5 22. Kf2 Kf8 23. Ke3 Ke7 24. Bf1 Kf6 25. a3 g5 26. Be2 Ke7 27. Bf1 f6 28. Be2 Kf7 29. Bf1 Ke7 30. Be2 1/2-1/2

[Event "FIDE WRBTC Blitz-Pool 2024"]
[Site "Astana"]
[Date "2024.08.05"]
[Round "1.13"]
[White "Shonazarov, Orash"]
[Black "Kazakov, Konstantin"]
[Result "1/2-1/2"]
[WhiteElo "2277"]
[BlackElo "2333"]
[Annotator "ChessBase"]
[PlyCount "107"]
[EventDate "2024.08.01"]
[EventType "team-tourn"]
[EventCountry "KAZ"]
[SourceTitle "playchess.com"]
[Source "ChessBase"]
[SourceQuality "1"]

1. e4 c5 2. Nf3 e6 3. d4 cxd4 4. Nxd4 Nf6 5. Nc3 Nc6 6. Ndb5 Bc5 7. Bf4 O-O 8. Bc7 Qe7 9. Bd6 Bxd6 10. Qxd6 Qd8 11. O-O-O a6 12. Nd4 Ne7 13. h4 Ne8 14. Qg3 b5 15. e5 Bb7 16. Bd3 f5 17. exf6 Nxf6 18. Rhe1 Qb8 19. Qxb8 Raxb8 20. f3 Rbc8 21. Ne4 Nxe4 22. Bxe4 Bxe4 23. Rxe4 Nd5 24. Nb3 Rc7 25. Rd2 g6 26. Kd1 Kg7 27. c3 Rf4 28. Rxf4 Nxf4 29. g3 Nd5 30. Ke2 Kf6 31. Rd4 d6 32. a4 Ke7 33. axb5 axb5 34. Re4 e5 35. f4 Kf6 36. fxe5+ dxe5 37. Nd2 h6 38. Kd3 Rd7 39. Kc2 Kf5 40. Re1 Nf6 41. c4 bxc4 42. Nxc4 e4 43. b4 Nd5 44. Ne3+ Nxe3+ 45. Rxe3 Ke5 46. b5 Kd4 47. Kd2 Rb7 48. Rb3 Kc4 49. Rb1 Rxb5 50. Rxb5 Kxb5 51. Ke3 Kc5 52. Kxe4 Kd6 53. h5 Ke6 54. hxg6 1/2-1/2

[Event "FIDE WRBTC Blitz-Pool 2024"]
[Site "Astana"]
[Date "2024.08.05"]
[Round "1.13"]
[White "Saduakassov, Duman"]
[Black "Nihal Sarin"]
[Result "0-1"]
[WhiteElo "1842"]
[BlackElo "2668"]
[Annotator "ChessBase"]
[PlyCount "98"]
[EventDate "2024.08.01"]
[EventType "team-tourn"]
[EventCountry "KAZ"]
[SourceTitle "playchess.com"]
[Source "ChessBase"]
[SourceQuality "1"]

1. d4 Nf6 2. Nc3 d5 3. Bf4 e6 4. Nb5 Na6 5. e3 Be7 6. Bd3 O-O 7. a3 Bd7 8. Nf3 c5 9. Nc3 Qb6 10. Rb1 cxd4 11. exd4 Rfc8 12. O-O Nc7 13. Ne5 Be8 14. Ne2 Nb5 15. c3 Nd6 16. Ng3 Bb5 17. Re1 Bxd3 18. Qxd3 Qb5 19. Qxb5 Nxb5 20. Nd3 Kf8 21. Be5 Nd7 22. a4 Nd6 23. Bxd6 Bxd6 24. Ra1 a5 25. f4 Rc4 26. Ne5 Bxe5 27. fxe5 Nb6 28. Ra2 Rxa4 29. Rea1 Rxa2 30. Rxa2 a4 31. Nf1 Ke7 32. Kf2 Nc4 33. Ne3 b5 34. Nc2 f6 35. exf6+ gxf6 36. Nb4 Kd6 37. Ke2 e5 38. dxe5+ fxe5 39. Kd3 Rf8 40. b3 Nb6 41. bxa4 Nxa4 42. Re2 e4+ 43. Kd4 Rc8 44. Rc2 Rc4+ 45. Ke3 Nxc3 46. Na6 d4+ 47. Kd2 Nd5 48. Rb2 b4 49. g3 Ke5 0-1

[Event "FIDE WRBTC Blitz-Pool 2024"]
[Site "Astana"]
[Date "2024.08.05"]
[Round "1.14"]
[White "Sadhwani, Raunak"]
[Black "Gubaydulin, Talgat"]
[Result "1-0"]
[WhiteElo "2653"]
[BlackElo "2385"]
[Annotator "ChessBase"]
[PlyCount "76"]
[EventDate "2024.08.01"]
[EventType "team-tourn"]
[EventCountry "KAZ"]
[SourceTitle "playchess.com"]
[Source "ChessBase"]
[SourceQuality "1"]

1. e4 c5 2. Nf3 e6 3. b3 b6 4. Bb2 Bb7 5. Nc3 Nc6 6. g3 Nf6 7. Bg2 Be7 8. O-O d6 9. d4 cxd4 10. Nxd4 Nxd4 11. Qxd4 O-O 12. Rad1 a6 13. Rfe1 Qc7 14. a4 Rfd8 15. h3 Rac8 16. Rd2 Ne8 17. Qe3 Bf6 18. Nd1 Bxb2 19. Nxb2 b5 20. axb5 axb5 21. Red1 Qc3 22. Qxc3 Rxc3 23. Nd3 Rdc8 24. Nb4 Kf8 25. f3 Ra8 26. Kf2 Ke7 27. Bf1 Rc5 28. h4 h6 29. Be2 g5 30. hxg5 hxg5 31. Ke3 Rc3+ 32. Rd3 Rxd3+ 33. Bxd3 Nc7 34. Rh1 Rg8 35. Rh7 Kf6 36. Rh6+ Kg7 37. Rh5 f6 38. e5 Rh8 1-0

[Event "FIDE WRBTC Blitz-Pool 2024"]
[Site "Astana"]
[Date "2024.08.05"]
[Round "1.14"]
[White "Golod, Vitali"]
[Black "Serikgali Daulet"]
[Result "1-0"]
[WhiteElo "2487"]
[BlackElo "1571"]
[Annotator "ChessBase"]
[PlyCount "107"]
[EventDate "2024.08.01"]
[EventType "team-tourn"]
[EventCountry "KAZ"]
[SourceTitle "playchess.com"]
[Source "ChessBase"]
[SourceQuality "1"]

1. d4 d5 2. Nf3 Nf6 3. c4 c6 4. e3 Nbd7 5. Nbd2 e6 6. Qc2 Be7 7. b3 O-O 8. Be2 b6 9. Bb2 Bb7 10. O-O Rc8 11. Rac1 c5 12. dxc5 Nxc5 13. Rfd1 Qc7 14. Qb1 dxc4 15. Nxc4 Be4 16. Qa1 Rfd8 17. Be5 Qc6 18. Ncd2 Qb7 19. Nxe4 Ncxe4 20. h3 h6 21. Qb2 Rxd1+ 22. Rxd1 Qc6 23. Bf1 Qc2 24. Qxc2 Rxc2 25. Bxf6 Bxf6 26. Bd3 Rxf2 27. Bxe4 Rxa2 28. Rd2 Ra3 29. Bc2 g6 30. Kf2 a5 31. Ke2 b5 32. Nd4 b4 33. Nc6 Bc3 34. Rd8+ Kg7 35. Ra8 Ra2 36. Kd3 Ra1 37. Rxa5 Rg1 38. g4 Rg3 39. Ra7 Rxh3 40. Nd8 Rf3 41. Nxe6+ Kf6 42. Nc5 Kg5 43. Ne4+ Kh4 44. Bd1 Rf1 45. Be2 Re1 46. Rxf7 Rc1 47. Rh7 h5 48. gxh5 g5 49. h6 g4 50. Rg7 g3 51. Rg4+ Kh3 52. Rxg3+ Kh2 53. h7 Rb1 54. Nxc3 1-0

[Event "FIDE WRBTC Blitz-Pool 2024"]
[Site "Astana"]
[Date "2024.08.05"]
[Round "1.14"]
[White "Isaev, Anton"]
[Black "Karmenov, Berik"]
[Result "1-0"]
[WhiteElo "2156"]
[BlackElo "2046"]
[Annotator "ChessBase"]
[PlyCount "119"]
[EventDate "2024.08.01"]
[EventType "team-tourn"]
[EventCountry "KAZ"]
[SourceTitle "playchess.com"]
[Source "ChessBase"]
[SourceQuality "1"]

1. e4 c5 2. Nf3 e6 3. d4 cxd4 4. Nxd4 a6 5. Qd3 d6 6. Nc3 Nf6 7. Qg3 Nc6 8. Nxc6 bxc6 9. Bd3 e5 10. O-O h5 11. h4 g6 12. Bg5 Be7 13. f4 Ng4 14. Bxe7 Qxe7 15. f5 Qa7+ 16. Kh1 gxf5 17. exf5 f6 18. Rae1 Qe7 19. Ne4 d5 20. Nf2 Rg8 21. Nxg4 Rxg4 22. Qh3 Qg7 23. Be2 Rg3 24. Bxh5+ Ke7 25. Qh2 Bd7 26. Bg6 Rg4 27. h5 Rh8 28. Kg1 Kd6 29. c4 d4 30. b4 Kc7 31. Rf3 Rg5 32. Qh4 Qe7 33. Qe4 Qd6 34. c5 Qd5 35. a4 Qxe4 36. Rxe4 Rb8 37. Rb3 Be8 38. g4 Bd7 39. Kf2 a5 40. b5 cxb5 41. axb5 Bxb5 42. Re1 a4 43. Rb2 Kc6 44. Kg3 d3 45. h6 Rh8 46. h7 Kxc5 47. Rc1+ Kd4 48. Rxb5 e4 49. Rb4+ Ke3 50. Re1+ Kd2 51. Rexe4 Rc8 52. Rxa4 Kc2 53. Rec4+ Rxc4 54. Rxc4+ Kb3 55. Rd4 Kc3 56. Rxd3+ Kxd3 57. h8=Q Ke4 58. Qe8+ Kd5 59. Qe6+ Kc5 60. Qxf6 1-0

[Event "FIDE WRBTC Blitz-Pool 2024"]
[Site "Astana"]
[Date "2024.08.05"]
[Round "1.15"]
[White "Rodionov, Adil"]
[Black "Narayanan S L"]
[Result "0-1"]
[WhiteElo "2353"]
[BlackElo "2649"]
[Annotator "RC"]
[PlyCount "37"]
[EventDate "2024.08.01"]
[EventType "team-tourn"]
[EventCountry "KAZ"]
[SourceTitle "playchess.com"]
[Source "ChessBase"]
[SourceQuality "1"]

1. e4 c5 2. Nf3 e6 3. Nc3 a6 4. d4 cxd4 5. Nxd4 b5 6. Bd3 Bb7 7. O-O Nc6 8. Nxc6 Bxc6 9. Re1 Bc5 10. Be3 Bxe3 11. Rxe3 Ne7 12. Qh5 Ng6 13. Ne2 e5 14. Rd1 O-O 15. c4 b4 16. Bc2 Qe7 17. Rh3 h6 18. Rg3 a5 19. Qf3 0-1

[Event "FIDE WRBTC Blitz-Pool 2024"]
[Site "Astana"]
[Date "2024.08.05"]
[Round "1.15"]
[White "Sartbayev, Askar"]
[Black "Dosmukhambetov, Arystan"]
[Result "1-0"]
[WhiteElo "1702"]
[BlackElo "1976"]
[Annotator "ChessBase"]
[PlyCount "105"]
[EventDate "2024.08.01"]
[EventType "team-tourn"]
[EventCountry "KAZ"]
[SourceTitle "playchess.com"]
[Source "ChessBase"]
[SourceQuality "1"]

1. e4 c5 2. Nf3 e6 3. d4 cxd4 4. Nxd4 Nf6 5. Nc3 Nc6 6. Nxc6 bxc6 7. Bg5 Bb4 8. Bd3 Qa5 9. Bd2 O-O 10. a3 Bxc3 11. Bxc3 Qg5 12. Qf3 e5 13. h4 Qg4 14. Bxe5 Qxf3 15. gxf3 Nh5 16. Rg1 Re8 17. Bc3 g6 18. Bd2 d5 19. O-O-O Be6 20. f4 dxe4 21. Bxe4 Rac8 22. f5 Bd5 23. Bxd5 cxd5 24. fxg6 hxg6 25. Be3 Re5 26. Rg5 Re4 27. Rgxd5 Rxh4 28. Bxa7 Rhc4 29. c3 R4c7 30. Be3 Nf6 31. Rd8+ Kh7 32. Rh1+ Nh5 33. Rxc8 Rxc8 34. Kd2 f5 35. b4 Ra8 36. Ra1 f4 37. Bd4 g5 38. a4 Kg6 39. a5 g4 40. b5 g3 41. fxg3 Nxg3 42. b6 Ne4+ 43. Kd3 Nd6 44. a6 Kf5 45. b7 Re8 46. a7 Nxb7 47. a8=Q Nd6 48. Qd5+ Kg4 49. Qxd6 Re3+ 50. Bxe3 fxe3 51. Rg1+ Kf3 52. Qd5+ Kf2 53. Qg2# 1-0

[Event "FIDE WRBTC Blitz-Pool 2024"]
[Site "Astana"]
[Date "2024.08.05"]
[Round "1.15"]
[White "Kalikhan, Abilmansur"]
[Black "Smirin, Ilia"]
[Result "0-1"]
[WhiteElo "1670"]
[BlackElo "2575"]
[Annotator "ChessBase"]
[PlyCount "50"]
[EventDate "2024.08.01"]
[EventType "team-tourn"]
[EventCountry "KAZ"]
[SourceTitle "playchess.com"]
[Source "ChessBase"]
[SourceQuality "1"]

1. f4 Nf6 2. Nf3 d6 3. e3 g6 4. Nc3 Bg7 5. Be2 O-O 6. d3 c5 7. e4 Nc6 8. O-O Nd4 9. Be3 Ng4 10. Bxd4 cxd4 11. Nd5 e6 12. Ng5 Nxh2 13. Kxh2 exd5 14. exd5 Re8 15. Bf3 h6 16. Nh3 Qh4 17. Qd2 Bxh3 18. gxh3 Re3 19. Bg2 Rae8 20. Qf2 Qe7 21. Bf3 Qf6 22. Bg2 Re2 23. Qg3 Rxc2 24. Rae1 Re5 25. Rxe5 Rxb2 0-1

[Event "FIDE WRBTC Blitz-Pool 2024"]
[Site "Astana"]
[Date "2024.08.05"]
[Round "1.16"]
[White "Pranav, V."]
[Black "Kovanova, Mariya"]
[Result "1-0"]
[WhiteElo "2598"]
[BlackElo "2118"]
[Annotator "ChessBase"]
[PlyCount "51"]
[EventDate "2024.08.01"]
[EventType "team-tourn"]
[EventCountry "KAZ"]
[SourceTitle "playchess.com"]
[Source "ChessBase"]
[SourceQuality "1"]

1. e4 d5 2. exd5 Qxd5 3. Nc3 Qa5 4. d4 Nf6 5. Nf3 Bf5 6. Bc4 e6 7. Bd2 Bb4 8. O-O O-O 9. Re1 Nc6 10. a3 Bxc3 11. Bxc3 Qb6 12. h3 Rad8 13. Qe2 Nd5 14. Bb3 Nce7 15. Bd2 c5 16. dxc5 Qxc5 17. c4 Nf6 18. Bb4 Qc7 19. Rad1 b6 20. Nd4 Rfe8 21. Ba4 a5 22. Bxe7 Rxd4 23. Bxf6 Rxd1 24. Rxd1 Rc8 25. Be5 Qc5 26. Bb5 1-0

[Event "FIDE WRBTC Blitz-Pool 2024"]
[Site "Astana"]
[Date "2024.08.05"]
[Round "1.16"]
[White "Alekseev, Evgeny"]
[Black "Almazuly, Azamat"]
[Result "1-0"]
[WhiteElo "2537"]
[BlackElo "1720"]
[Annotator "ChessBase"]
[PlyCount "91"]
[EventDate "2024.08.01"]
[EventType "team-tourn"]
[EventCountry "KAZ"]
[SourceTitle "playchess.com"]
[Source "ChessBase"]
[SourceQuality "1"]

1. e4 c5 2. Nf3 Nc6 3. d4 cxd4 4. Nxd4 g6 5. c4 Nf6 6. Nc3 d6 7. f3 Bg7 8. Be3 O-O 9. Qd2 Nxd4 10. Bxd4 Be6 11. Rc1 Qa5 12. b3 Rfc8 13. Be3 Nd7 14. Be2 a6 15. Nd5 Qxd2+ 16. Kxd2 Bxd5 17. exd5 a5 18. Rc2 Nc5 19. Rb1 Na6 20. a3 Kf8 21. b4 axb4 22. axb4 Nc7 23. Bb6 Ne8 24. f4 Bh6 25. g3 e5 26. dxe6 fxe6 27. Bf3 Rab8 28. Ba7 Ra8 29. Bxb7 Rxa7 30. Bxc8 e5 31. b5 exf4 32. gxf4 Bxf4+ 33. Kd1 Ra3 34. b6 Rd3+ 35. Ke2 Re3+ 36. Kf1 Nf6 37. b7 d5 38. b8=Q Bxb8 39. Rxb8 d4 40. Rf2 Kg7 41. Rb7+ Kh6 42. Rxf6 d3 43. Rd7 Kg5 44. Rf2 h5 45. c5 Kg4 46. Rxd3+ 1-0

[Event "FIDE WRBTC Blitz-Pool 2024"]
[Site "Astana"]
[Date "2024.08.05"]
[Round "1.16"]
[White "Kim, Kristina"]
[Black "Adilbekuly, Altair"]
[Result "0-1"]
[WhiteElo "1943"]
[BlackElo "1694"]
[Annotator "ChessBase"]
[PlyCount "74"]
[EventDate "2024.08.01"]
[EventType "team-tourn"]
[EventCountry "KAZ"]
[SourceTitle "playchess.com"]
[Source "ChessBase"]
[SourceQuality "1"]

1. d4 Nf6 2. Nf3 g6 3. c4 Bg7 4. Nc3 O-O 5. g3 d5 6. cxd5 Nxd5 7. Bg2 Nc6 8. O-O Nb6 9. e4 Nxd4 10. Nxd4 Bxd4 11. Bg5 Bf6 12. Bxf6 exf6 13. Nd5 c6 14. Ne3 Be6 15. f4 Nc4 16. Nxc4 Bxc4 17. Re1 Qb6+ 18. Kh1 Rfd8 19. Qc2 Bd3 20. Qc3 Kg7 21. e5 fxe5 22. Qxe5+ Kg8 23. h4 Re8 24. Qc3 Bb5 25. Qc2 Rad8 26. f5 Rxe1+ 27. Rxe1 Bd3 28. Qa4 Bxf5 29. Qf4 Qa5 30. Rf1 Qd2 31. Qc4 Rd4 32. Qc3 Rd3 33. Qxd2 Rxd2 34. b3 Rxa2 35. Bf3 Ra3 36. g4 Be6 37. b4 Rxf3 0-1